Vista normal Vista MARC

Entrada Geographic Name

Número de registros utilizados en: 3

001 - CONTROL NUMBER

  • control field: 11807

003 - CONTROL NUMBER IDENTIFIER

  • control field: OSt

005 - DATE AND TIME OF LATEST TRANSACTION

  • control field: 20201022113813.0

008 - FIXED-LENGTH DATA ELEMENTS

  • fixed length control field: 201022|| aca||aabn | a|a d

040 ## - CATALOGING SOURCE

  • Original cataloging agency: OSt
  • Transcribing agency: OSt

151 ## - HEADING--GEOGRAPHIC NAME

  • Geographic name: Colombia
  • General subdivision: descripciones y viajes

670 ## - SOURCE DATA FOUND

  • Source citation: Work cat.: (OSt): Las maravillas de Colombia : , 1979